| 000 | 00657nam a2200193 a 4500 | ||
|---|---|---|---|
| 005 | 20240807063825.0 | ||
| 008 | 991125s1986 mx 000 0 spa u | ||
| 020 | _a9688377678 | ||
| 035 | _aUPN01000044855 | ||
| 049 | _aCG | ||
| 050 | 4 |
_aLB2892 _bP43 |
|
| 245 | 0 | 3 |
_aLa planeación de la educación superior : _bdiscurso y realidad universitaria / _cJavier Mendoza Rojas ... [et al.]. |
| 260 |
_aMéxico : _bUNAM, Centro de Estudios sobre la Universidad, _c1986. |
||
| 300 | _a217 p. | ||
| 440 | 0 | _aProblemas educativos | |
| 650 | 4 |
_aEducación superior _xPlanificación _zMéxico _95956 |
|
| 700 | 1 |
_aMendoza Rojas, Javier _ecoaut. _929304 |
|
| 905 | _aLibro | ||
| 999 |
_c44855 _d44855 |
||